000
00242nam a2200097Ia 4500
008
221030s9999 xx 000 0 und d
245
0
_a
Acquistion & Penetartion of Casa
260
_b
HDFC Bank
_a
Jammu
_c
2018
650
_a
Management
942
_c
TH
999
_c
18399
_d
18399